000 00367nam a2200133Ia 4500
008 220204s9999 xx 000 0 und d
082 _a535.243
_bJAF
100 _aJaffe, H H
245 0 _aTheory and applications of ultraviolet spectroscopy
260 _aNew York
_bJohn Wiley
_c1962
650 _aUltraviolet spectroscopy
700 _aOrchin, Milton
942 _cBK
999 _c20486
_d20486